000 00412nam a2200169Ia 4500
008 230711s9999||||xx |||||||||||||| ||und||
020 _a81-7409-122-x
041 _aENG
082 _a620
_bBA-M
100 _aBallaney.P.L
245 0 _aTheory of machines and mechanisms
250 _a25th
260 _c2012
_aNew Delhi
_bKhanna Publishers
300 _a1348
650 _aMechanical Engineering
942 _cBK
999 _c1315
_d1315